000 01332cam a2200289 i 4500
001 114586
003 DR-UNIBE
005 20260417113205.0
007 @ cr nn 008mamaa
008 260417s2013 mx a sb 001 0 spa
020 _a9786073219600
020 _a9786073219617 (electrónico)
040 _aDLC
_bspa
_cDLC
_erda
_dDLC
041 _aspa
100 _aRosario Farga Mullor, María del
_eautor
_9204214
100 _aLópez Varela, Araceli
_eautor
_9204215
245 1 0 _aHistoria del arte
250 _aSegunda edición revisada
260 _aMéxico :
_bPearson,
_c2013
300 _a360 páginas :
_b ilustraciones
500 _aRecurso en línea: Disponible para miembros de UNIBE a través del portal web del CRAI: https://www.unibe.edu.do/biblioteca/libros-electronicos/
505 _aUnidad I. Introducción al lenguaje artístico | Unidad II. El arte prehistórico y antiguo | Unidad III. El arte prehelénico, Grecia y Roma | Unidad IV. Del arte paleocristiano al arte gótico | Unidad V. Del renacimiento al manierismo | Unidad VI. Barroco, neoclasicismo y romanticismo | Unidad VII. El arte en los siglos XIX y XX |
650 0 _aArtes
_xHistoria
_9204218
655 _aRecurso electrónico
_942681
856 _uhttps://unibe.vitalsource.com/reader/books/9786073219617
942 _2ddc
_cEB
999 _c114586
_d114586